000
00280nam a22001337a 4500
008
170817b xxu||||| |||| 00| 0 eng d
020
_a
9780201768565
041
_a
eng
080
_2
7TH
_a
51
100
_a
36
101
_a
MAT
245
_a
CALCULUS
_c
LIAL,M.L
942
_2
udc
_c
BK
999
_c
23912
_d
23912